Music artists by album cover - Statistics

General Stats
  • This quiz has been taken 259 times
  • The average score is 44 of 116
Answer Stats
Picture Answer % Correct
The Beatles
98%
2pac
83%
Nirvana
81%
Michael Jackson
78%
Fleetwood Mac
75%
The Weeknd
73%
Taylor Swift
72%
Beyoncé
71%
David Bowie
67%
Prince and the Revolution
67%
Eagles
65%
ABBA
64%
Green Day
64%
Weezer
64%
Drake
63%
Eminem
62%
Metallica
62%
The Jimi Hendrix Experience
62%
Radiohead
59%
Childish Gambino
58%
Red Hot Chili Peppers
58%
Pink Floyd
54%
Foo Fighters
52%
Oasis
51%
50 cent
50%
Kanye West
50%
Kendrick Lamar
50%
Lauryn Hill
50%
The Beach Boys
50%
The Clash
50%
Dr. Dre
49%
Nas
49%
The Notorious B.I.G.
49%
The White Stripes
49%
blink-182
48%
Led Zeppelin
48%
Whitney Houston
48%
N.W.A.
47%
Outkast
47%
The Velvet Underground
47%
Linkin Park
46%
Queen
45%
Aerosmith
44%
Bob Dylan
44%
Guns N' Roses
44%
AC/DC
43%
Dire Straits
43%
Pearl Jam
43%
System of a Down
43%
Snoop Dogg
42%
Sex Pistols
41%
Gorillaz
40%
Daft Punk
39%
Ramones
39%
The Smiths
39%
Slipknot
37%
The Police
37%
The Who
37%
Bruce Springsteen
36%
Marvin Gaye
36%
Billy Joel
35%
R.E.M.
35%
Stevie Wonder
35%
Iron Maiden
33%
Talking Heads
33%
The Cure
33%
King Crimson
32%
Miles Davis
32%
Ray Charles
31%
Coldplay
30%
Van Halen
29%
Alice in Chains
28%
Bob Marley & The Wailers
27%
Frank Sinatra
27%
Jay-Z
27%
Journey
27%
Lynyrd Skynyrd
27%
Megadeth
27%
Rage Against The Machine
27%
The Doors
26%
Aretha Franklin
25%
Pixies
25%
Wu-Tang Clan
25%
Black Sabbath
24%
Cream
24%
Iggy Pop
24%
Supertramp
24%
Ice Cube
23%
Johnny Cash
23%
My Bloody Valentine
23%
Nine Inch Nails
22%
Patti Smith
22%
A Tribe Called Quest
20%
Elvis Presley
20%
Public Enemy
20%
Beastie Boys
17%
Elton John
17%
Motörhead
17%
Yes
17%
Dio
16%
Meat Loaf
15%
John Coltrane
14%
U2
14%
Judas Priest
13%
Rainbow
12%
The Rolling Stones
12%
Eric B. & Rakim
11%
Slayer
11%
Chuck Berry
9%
Deep Purple
9%
Jethro Tull
9%
Neil Young
9%
James Brown
8%
Santana
8%
Creedence Clearwater Revival
6%
Rush
6%
No matching quizzes found
Score Distribution
Percent of People with Each Score
Percentile by Number Answered
Your Score History
You have not taken this quiz